000 00387nam a2200157 4500
008 190521s2010||||sk d
100 1 _aJohn Michael Greer
_91109
245 1 0 _aTajomstvá strateného symbolu
_b200 receptov
260 _bIkar
_aBratislava
_c2010
020 _a9788055122243
_c0
250 _a1.vydanie
300 _a212S.
041 1 _aslo
044 _ask
958 _aA
999 _c22403
_d22403